[Event "Southend op"]
[Site "Southend"]
[Date "2024.03.31"]
[Round "8"]
[White "Villiers, Thomas"]
[Black "Ribeiro, Rodrigo"]
[Result "1-0"]
[WhiteElo "2225"]
[BlackElo "2271"]
[PlyCount "47"]
[EventDate "2024.03.28"]
[EventType "swiss"]
[EventRounds "9"]
[EventCountry "ENG"]
[SourceTitle "CB14_2024"]
[SourceDate "2024.04.01"]
[SourceVersion "1"]
[SourceVersionDate "2024.04.01"]
[SourceQuality "1"]

1. c4 c5 2. Nc3 Nc6 3. g3 g6 4. Bg2 Bg7 5. Nf3 e6 6. 0-0 Nge7 7. d4 Nxd4 8. Nxd4 Bxd4 9. Nb5 Qb6 10. a4 a5 11. Bf4 e5 12. Bc1 d5 13. cxd5 Bd7 14. e3 Bxb5 15. axb5 Nf5 16. exd4 Nxd4 17. Re1 f6 18. f4 0-0 19. fxe5 fxe5 20. Rxe5 Qf6 21. Bf4 h6 22. Qg4 Kh8 23. Rae1 g5 24. Rxg5 1-0

[Event "Southend op"]
[Site "Southend"]
[Date "2024.03.28"]
[Round "2"]
[White "Villiers, Thomas"]
[Black "Petrov, Martin"]
[Result "0-1"]
[WhiteElo "2225"]
[BlackElo "2518"]
[PlyCount "80"]
[EventDate "2024.03.28"]
[EventType "swiss"]
[EventRounds "9"]
[EventCountry "ENG"]
[SourceTitle "CB14_2024"]
[SourceDate "2024.04.01"]
[SourceVersion "1"]
[SourceVersionDate "2024.04.01"]
[SourceQuality "1"]

1. e4 c5 2. Nf3 d6 3. Bb5+ Bd7 4. c4 Nf6 5. Nc3 Nc6 6. d4 cxd4 7. Nxd4 g6 8. 0-0 Bg7 9. Be3 Ng4 10. Nxc6 Nxe3 11. Nxd8 Nxd1 12. Bxd7+ Kxd7 13. Rfxd1 Rhxd8 14. c5 Bxc3 15. bxc3 Ke6 16. cxd6 Rxd6 17. Rxd6+ exd6 18. Rb1 b6 19. Kf1 Rc8 20. Rb3 d5 21. exd5+ Kxd5 22. Ke2 Re8+ 23. Kd2 Re4 24. Rb5+ Kc6 25. Rb2 h5 26. Kd3 Re1 27. h4 Kc5 28. Re2 Rxe2 29. Kxe2 Kc4 30. Kd2 f6 31. f4 b5 32. g4 f5 33. gxh5 gxh5 34. Kc2 a5 35. Kb2 b4 36. cxb4 Kxb4 37. Kc2 Kc4 38. a4 Kb4 39. Kd3 Kxa4 40. Kd4 Kb5 0-1

[Event "Titled Tuesday intern op 15th Aug Late"]
[Site "Chess.com INT"]
[Date "2023.08.15"]
[Round "7"]
[White "Gasparyan, Davit"]
[Black "Villiers, Thomas"]
[Result "0-1"]
[WhiteElo "2157"]
[BlackElo "2163"]
[PlyCount "78"]
[EventDate "2023.08.15"]
[EventType "swiss (blitz)"]
[EventRounds "11"]
[EventCountry "USA"]
[SourceTitle "EXT 2024"]
[Source "ChessBase"]
[SourceDate "2023.10.10"]
[SourceVersion "1"]
[SourceVersionDate "2023.10.10"]
[SourceQuality "1"]

1. c4 Nf6 2. Nf3 e6 3. d4 b6 4. Bg5 Bb7 5. Nc3 Be7 6. Qc2 d6 7. e3 Nbd7 8. Bd3 e5 9. dxe5 Nxe5 10. Nxe5 dxe5 11. Bxf6 Bxf6 12. Be4 Bxe4 13. Qxe4 0-0 14. 0-0 Qd2 15. Nd5 Qxb2 16. Nxc7 Rac8 17. Nd5 Qe2 18. Rac1 Qxa2 19. Qf5 Rxc4 20. Nxf6+ gxf6 21. Qxf6 Rxc1 22. Rxc1 Qe6 23. Qh4 a5 24. Rc7 a4 25. Re7 Qg6 26. h3 Ra8 27. Rxe5 a3 28. Rd5 a2 29. Rd8+ Rxd8 30. Qxd8+ Kg7 31. Qd4+ Qf6 32. Qg4+ Kh6 33. Qc8 a1Q+ 34. Kh2 Qae5+ 35. Kg1 Qfd6 36. g3 Qd1+ 37. Kh2 Kg7 38. Qa8 Qed5 39. Qxd5 Qxd5 0-1

[Event "Titled Tuesday intern op 15th Aug Late"]
[Site "Chess.com INT"]
[Date "2023.08.15"]
[Round "10"]
[White "Villiers, Thomas"]
[Black "Golubev, Mikhail"]
[Result "0-1"]
[WhiteElo "2163"]
[BlackElo "2461"]
[PlyCount "120"]
[EventDate "2023.08.15"]
[EventType "swiss (blitz)"]
[EventRounds "11"]
[EventCountry "USA"]
[SourceTitle "EXT 2024"]
[Source "ChessBase"]
[SourceDate "2023.10.10"]
[SourceVersion "1"]
[SourceVersionDate "2023.10.10"]
[SourceQuality "1"]

1. d4 Nf6 2. c4 g6 3. Nc3 Bg7 4. g3 0-0 5. Bg2 d6 6. e3 Nbd7 7. Nge2 e5 8. 0-0 Re8 9. Qc2 c6 10. b3 exd4 11. Nxd4 Nc5 12. Ba3 Qb6 13. Rad1 a5 14. Nde2 Bf5 15. Qb2 Nfe4 16. Nd4 a4 17. Bxc5 dxc5 18. Bxe4 cxd4 19. Nxa4 Rxa4 20. Bxf5 gxf5 21. exd4 Rxc4 22. Qb1 Rxd4 23. Qxf5 Red8 24. Rde1 R4d5 25. Qf3 Qc7 26. Re4 Re5 27. Rg4 Kh8 28. h4 Qd7 29. h5 Qf5 30. Rf4 Qxh5 31. Qxh5 Rxh5 32. Rxf7 b5 33. Re1 Kg8 34. Ree7 Rg5 35. a4 bxa4 36. bxa4 Rf8 37. Rxf8+ Kxf8 38. Rc7 Rc5 39. a5 Be5 40. Rc8+ Ke7 41. a6 Ra5 42. Rxc6 Bd4 43. Rh6 Ra2 44. Rxh7+ Kd6 45. a7 Bxf2+ 46. Kf1 Bxa7 47. Rh4 Ke5 48. Rf4 Bd4 49. Rf3 Ke4 50. Rf4+ Ke3 51. Kg1 Be5 52. Rb4 Bxg3 53. Rb3+ Kf4 54. Kf1 Kg4 55. Rb4+ Kh3 56. Re4 Rf2+ 57. Kg1 Rg2+ 58. Kf1 Rf2+ 59. Kg1 Rf8 60. Re3 Rf7 0-1

[Event "Titled Tuesday intern op 15th Aug Late"]
[Site "Chess.com INT"]
[Date "2023.08.15"]
[Round "6"]
[White "Villiers, Thomas"]
[Black "Montano, Vicente Guadalupe"]
[Result "1-0"]
[WhiteElo "2163"]
[BlackElo "1734"]
[PlyCount "139"]
[EventDate "2023.08.15"]
[EventType "swiss (blitz)"]
[EventRounds "11"]
[EventCountry "USA"]
[SourceTitle "EXT 2024"]
[Source "ChessBase"]
[SourceDate "2023.10.10"]
[SourceVersion "1"]
[SourceVersionDate "2023.10.10"]
[SourceQuality "1"]

1. d4 Nf6 2. Bg5 Ne4 3. Bf4 c5 4. e3 Qa5+ 5. c3 cxd4 6. exd4 d5 7. Nd2 Nxd2 8. Qxd2 Nc6 9. Nf3 Bf5 10. Be2 e6 11. 0-0 Be7 12. a4 0-0 13. b4 Qd8 14. a5 a6 15. Ne5 Nxe5 16. Bxe5 Bd6 17. Bxd6 Qxd6 18. Qg5 Rac8 19. Rfc1 Bg6 20. Qg3 Qxg3 21. hxg3 Rc7 22. b5 axb5 23. Bxb5 Rfc8 24. Ra3 h6 25. Kf1 Bf5 26. Ke2 Bg4+ 27. Kd2 Bf5 28. a6 bxa6 29. Bxa6 Rb8 30. Ra2 Ra7 31. Rca1 Rb6 32. Bd3 Rxa2+ 33. Rxa2 Bxd3 34. Kxd3 Rb1 35. Rc2 Kh7 36. c4 dxc4+ 37. Rxc4 Kg6 38. Ke4 Rg1 39. Kf3 Rd1 40. Ke2 Rg1 41. Kf3 Kf6 42. g4 Rb1 43. g3 Rb3+ 44. Kg2 Rd3 45. f4 Kg6 46. Kh3 h5 47. gxh5+ Kxh5 48. Rc7 Kg6 49. Rd7 Kf6 50. Kg4 Re3 51. d5 exd5 52. Rxd5 Re6 53. Ra5 Rc6 54. Rh5 g6 55. Ra5 Kg7 56. Kg5 Rf6 57. Rb5 Re6 58. Rb8 Rf6 59. Rg8+ Kxg8 60. Kxf6 Kf8 61. g4 Kg8 62. Ke7 Kg7 63. Ke8 f5 64. g5 Kg8 65. Ke7 Kg7 66. Ke6 Kh7 67. Kf7 Kh8 68. Kxg6 Kg8 69. Kxf5 Kf7 70. g6+ 1-0

[Event "Geraardsbergen op 38th"]
[Site "Geraardsbergen"]
[Date "2023.08.08"]
[Round "5"]
[White "Villiers, Thomas"]
[Black "Xu, Yuanyuan"]
[Result "0-1"]
[WhiteElo "2163"]
[BlackElo "2320"]
[PlyCount "144"]
[EventDate "2023.08.06"]
[EventType "swiss"]
[EventRounds "9"]
[EventCountry "BEL"]
[SourceTitle "CBM 215 Extra"]
[Source "ChessBase"]
[SourceDate "2023.09.30"]
[SourceVersion "1"]
[SourceVersionDate "2023.09.30"]
[SourceQuality "1"]

1. e4 c6 2. d4 d5 3. Nc3 dxe4 4. Nxe4 Bf5 5. Qf3 e6 6. c3 Nf6 7. Nxf6+ Qxf6 8. Qg3 Nd7 9. Nf3 h6 10. Qc7 Rb8 11. Bf4 Qd8 12. Qxd8+ Rxd8 13. a4 Nf6 14. Be2 Bd6 15. Bxd6 Rxd6 16. 0-0 Bg4 17. Rfe1 0-0 18. h3 Bxf3 19. Bxf3 Nd5 20. a5 Rc8 21. Ra3 Rc7 22. Rb3 f6 23. c4 Ne7 24. a6 bxa6 25. Rb8+ Kf7 26. Rh8 Rcd7 27. d5 cxd5 28. cxd5 exd5 29. Bh5+ g6 30. Rh7+ Kf8 31. Bd1 Nf5 32. Rh8+ Kg7 33. Ree8 Ne7 34. g4 Rb6 35. b3 d4 36. Kg2 d3 37. h4 d2 38. h5 gxh5 39. Bc2 f5 40. gxf5 d1Q 41. f6+ Kxf6 42. Bxd1 Rxd1 43. Rxh6+ Kf7 44. Reh8 Rg6+ 45. Kh2 Rxh6 46. Rxh6 Rd5 47. Rxa6 Rd7 48. Rh6 Rb7 49. Rxh5 Rxb3 50. Kg2 Nc6 51. Kf1 a5 52. Rc5 Rb6 53. Rc4 Ke6 54. Ke2 Kd5 55. Ra4 Rb4 56. Ra1 Nd4+ 57. Kd3 a4 58. Rh1 Rb3+ 59. Kd2 Rf3 60. Rh8 Rxf2+ 61. Kc3 Nc6 62. Rh5+ Kd6 63. Rh4 Rf3+ 64. Kc2 a3 65. Kb1 Kc5 66. Rh1 Nb4 67. Rc1+ Kb5 68. Ka1 Ka4 69. Rb1 Rf2 70. Rh1 Ra2+ 71. Kb1 Rb2+ 72. Ka1 Nc2# 0-1

[Event "GBR-ch 109th"]
[Site "Leicester"]
[Date "2023.07.25"]
[Round "4"]
[White "Kanyamarala, Trisha"]
[Black "Villiers, Thomas"]
[Result "1/2-1/2"]
[WhiteElo "2344"]
[BlackElo "2140"]
[PlyCount "72"]
[EventDate "2023.07.22"]
[EventType "swiss"]
[EventRounds "9"]
[EventCountry "ENG"]
[SourceTitle "CBM 215 Extra"]
[Source "ChessBase"]
[SourceDate "2023.09.30"]
[SourceVersion "1"]
[SourceVersionDate "2023.09.30"]
[SourceQuality "1"]

1. d4 Nf6 2. c4 a6 3. Nc3 b5 4. cxb5 axb5 5. Nxb5 e5 6. e3 e4 7. Nc3 d5 8. a3 Bd6 9. Nge2 Ba6 10. g3 Nbd7 11. Bg2 c6 12. 0-0 h5 13. f3 exf3 14. Bxf3 Qc7 15. e4 dxe4 16. Nxe4 Nxe4 17. Bxe4 h4 18. Bf4 hxg3 19. hxg3 g5 20. Bxg5 Bxg3 21. Qb3 Bh2+ 22. Kg2 Nc5 23. dxc5 Bxe2 24. Rf6 Rg8 25. Bg6 0-0-0 26. Qh3+ Rd7 27. Qxh2 Qxh2+ 28. Kxh2 Rxg6 29. Rxg6 fxg6 30. Re1 Bc4 31. Re8+ Kb7 32. Bf4 Rd3 33. Re7+ Ka6 34. Rg7 Bd5 35. Rxg6 Kb5 36. Bd6 Rd2+ 1/2-1/2

[Event "GBR-ch 109th"]
[Site "Leicester"]
[Date "2023.07.24"]
[Round "3"]
[White "Villiers, Thomas"]
[Black "Pert, Richard G"]
[Result "1/2-1/2"]
[WhiteElo "2140"]
[BlackElo "2421"]
[PlyCount "37"]
[EventDate "2023.07.22"]
[EventType "swiss"]
[EventRounds "9"]
[EventCountry "ENG"]
[SourceTitle "CBM 215 Extra"]
[Source "ChessBase"]
[SourceDate "2023.09.30"]
[SourceVersion "1"]
[SourceVersionDate "2023.09.30"]
[SourceQuality "1"]

1. e4 c6 2. d4 d5 3. Nc3 dxe4 4. Nxe4 Nf6 5. Ng3 h5 6. h4 c5 7. Bb5+ Nc6 8. N1e2 e6 9. 0-0 Bd7 10. Bg5 Nxd4 11. Nxd4 cxd4 12. Bc4 Qb6 13. Qe2 0-0-0 14. c3 Bc6 15. cxd4 Bd6 16. Be3 Nd5 17. Ne4 Be7 18. Ng5 Bxg5 19. Bxg5 1/2-1/2

[Event "Menorca op 2nd"]
[Site "Ciutadella de Menorca"]
[Date "2023.04.11"]
[Round "1"]
[White "Villiers, Thomas"]
[Black "Jumabayev, Rinat"]
[Result "0-1"]
[WhiteElo "2160"]
[BlackElo "2609"]
[PlyCount "86"]
[EventDate "2023.04.11"]
[EventType "swiss"]
[EventRounds "9"]
[EventCountry "ESP"]
[SourceTitle "CBM 213 Extra"]
[Source "ChessBase"]
[SourceDate "2023.05.31"]
[SourceVersion "1"]
[SourceVersionDate "2023.05.31"]
[SourceQuality "1"]

1. d4 Nf6 2. Nf3 e6 3. c4 Bb4+ 4. Bd2 c5 5. Bxb4 cxb4 6. Nbd2 0-0 7. e3 b6 8. Bd3 Bb7 9. Rg1 d5 10. cxd5 exd5 11. Ne5 Nbd7 12. f4 Rc8 13. Qf3 Nxe5 14. fxe5 Ne4 15. Rf1 Qh4+ 16. Ke2 f6 17. Qf4 Qh5+ 18. Nf3 Rce8 19. Qh4 Qxh4 20. Nxh4 fxe5 21. Rxf8+ Kxf8 22. Nf3 exd4 23. Nxd4 Re7 24. Rf1+ Kg8 25. Rc1 Nc5 26. Bb5 a5 27. Rd1 Rc7 28. Nf5 Ne4 29. Bd3 Nc5 30. Bb5 g6 31. Nd6 Bc6 32. Bxc6 Rxc6 33. Rxd5 Na4 34. Ne4 Nxb2 35. Rd7 Na4 36. g4 Nc5 37. Rd8+ Kg7 38. Nd6 Kf6 39. Nc4 Ne6 40. g5+ Ke7 41. Rd4 Nxd4+ 42. Kd3 Nf3 43. Ke4 Rxc4+ 0-1

[Event "Daventry 4NCL Easter op-A 3rd"]
[Site "Daventry"]
[Date "2023.04.10"]
[Round "7"]
[White "Valdepenas Octavio, Javier"]
[Black "Villiers, Thomas"]
[Result "1-0"]
[WhiteElo "2210"]
[BlackElo "2160"]
[PlyCount "105"]
[EventDate "2023.04.07"]
[EventType "swiss"]
[EventRounds "7"]
[EventCountry "ENG"]
[SourceTitle "CBM 213 Extra"]
[Source "ChessBase"]
[SourceDate "2023.05.31"]
[SourceVersion "1"]
[SourceVersionDate "2023.05.31"]
[SourceQuality "1"]

1. e4 e6 2. d4 d5 3. Nd2 Nf6 4. e5 Nfd7 5. Bd3 c5 6. c3 Nc6 7. Ne2 Qb6 8. Nf3 cxd4 9. cxd4 Bb4+ 10. Bd2 Bxd2+ 11. Qxd2 Qb4 12. a3 Qxd2+ 13. Kxd2 f6 14. exf6 Nxf6 15. Rhc1 Bd7 16. b4 a6 17. h3 0-0 18. Ke3 Rfc8 19. Rc3 Nd8 20. Rac1 Nf7 21. Ne5 Nxe5 22. dxe5 Rxc3 23. Rxc3 Ne8 24. f4 Kf7 25. Kd4 b6 26. Bxh7 a5 27. bxa5 Rxa5 28. Bd3 Bb5 29. Bxb5 Rxb5 30. Ng1 Rb2 31. g4 Ke7 32. f5 b5 33. Kc5 Kd7 34. Nf3 b4 35. axb4 Nc7 36. f6 gxf6 37. exf6 Na6+ 38. Kb6 Nxb4 39. Ne5+ Kd6 40. Nf7+ Kd7 41. Rc7+ Ke8 42. Nd6+ Kd8 43. Nf7+ Ke8 44. Re7+ Kf8 45. Nd6 Kg8 46. Re8+ Kh7 47. f7 Nd3+ 48. Kc7 Rc2+ 49. Kd8 Rf2 50. Nf5 exf5 51. f8Q fxg4 52. Re7+ Kg6 53. Rg7+ 1-0

[Event "Daventry 4NCL Easter op-A 3rd"]
[Site "Daventry"]
[Date "2023.04.09"]
[Round "5"]
[White "Khoury, Theo"]
[Black "Villiers, Thomas"]
[Result "1/2-1/2"]
[WhiteElo "2020"]
[BlackElo "2160"]
[PlyCount "137"]
[EventDate "2023.04.07"]
[EventType "swiss"]
[EventRounds "7"]
[EventCountry "ENG"]
[SourceTitle "CBM 213 Extra"]
[Source "ChessBase"]
[SourceDate "2023.05.31"]
[SourceVersion "1"]
[SourceVersionDate "2023.05.31"]
[SourceQuality "1"]

1. e4 e5 2. Nf3 Nf6 3. Nxe5 d6 4. Nf3 Nxe4 5. d4 d5 6. Bd3 Be7 7. 0-0 Bf5 8. c4 Nc6 9. Nc3 Nxc3 10. bxc3 Bxd3 11. Qxd3 0-0 12. Bf4 dxc4 13. Qxc4 Bd6 14. Bxd6 Qxd6 15. Rfe1 Rad8 16. Ne5 Nxe5 17. Rxe5 Rfe8 18. f4 Rxe5 19. fxe5 Qe7 20. Rb1 b6 21. Qc6 Qd7 22. Qb7 c6 23. Qxd7 Rxd7 24. Kf2 f6 25. Re1 fxe5 26. Rxe5 Kf7 27. Ke3 Re7 28. Ke4 Re6 29. d5 cxd5+ 30. Kxd5 Rf6 31. Re2 Rf5+ 32. Kc6 g5 33. c4 Ra5 34. g4 Kf6 35. Rd2 Rc5+ 36. Kb7 Rxc4 37. Kxa7 b5 38. Kb6 b4 39. h3 b3 40. axb3 Rb4+ 41. Kc5 Rxb3 42. Rf2+ Kg6 43. Rh2 h5 44. Kd4 Rg3 45. Ke4 hxg4 46. hxg4 Rxg4+ 47. Kf3 Ra4 48. Rb2 Kh5 49. Kg3 Ra3+ 50. Kg2 Kh4 51. Rc2 Rg3+ 52. Kh2 Re3 53. Kg2 Rg3+ 54. Kh2 Rf3 55. Kg2 Ra3 56. Rb2 Ra4 57. Rc2 Kg4 58. Rb2 Kf4 59. Rf2+ Ke4 60. Kg3 Ra1 61. Kg2 Re1 62. Rf8 Rd1 63. Rf7 Rd4 64. Rf8 Ke3 65. Kg3 Rf4 66. Re8+ Re4 67. Rxe4+ Kxe4 68. Kg4 Ke5 69. Kxg5 1/2-1/2

[Event "Daventry 4NCL Easter op-A 3rd"]
[Site "Daventry"]
[Date "2023.04.08"]
[Round "2"]
[White "Villiers, Thomas"]
[Black "Moyse, Nigel John"]
[Result "1-0"]
[WhiteElo "2160"]
[BlackElo "1968"]
[PlyCount "123"]
[EventDate "2023.04.07"]
[EventType "swiss"]
[EventRounds "7"]
[EventCountry "ENG"]
[SourceTitle "CBM 213 Extra"]
[Source "ChessBase"]
[SourceDate "2023.05.31"]
[SourceVersion "1"]
[SourceVersionDate "2023.05.31"]
[SourceQuality "1"]

1. e4 d6 2. d4 Nf6 3. Nc3 g6 4. Nf3 Bg7 5. h3 c6 6. a4 0-0 7. Bd3 Nbd7 8. e5 Nd5 9. Nxd5 cxd5 10. exd6 e5 11. dxe5 Nxe5 12. Nxe5 Bxe5 13. 0-0 Qxd6 14. Qf3 Bd7 15. Rd1 Bc6 16. Bb5 a6 17. Bxc6 bxc6 18. c4 d4 19. b4 Rfd8 20. Rb1 c5 21. Ba3 cxb4 22. Bxb4 Qd7 23. Re1 f6 24. Ba5 Rdb8 25. Rb4 Rxb4 26. Qxa8+ Rb8 27. Qxa6 Rb2 28. Qa8+ Kg7 29. Qe4 d3 30. c5 Qd4 31. Qxd4 Bxd4 32. Rd1 Rxf2 33. Kh1 Bxc5 34. Rxd3 Ra2 35. Rd7+ Kg8 36. Bc3 Rxa4 37. Bxf6 Bf8 38. Kh2 Rf4 39. Bd4 Rf7 40. Rd8 Rf5 41. Kg3 h6 42. Ra8 Kf7 43. Kh2 Bd6+ 44. Kg1 Rd5 45. Be3 h5 46. Kf2 Ke6 47. Ra6 Kf5 48. Kf3 Ke6 49. Bf4 Rd1 50. Kg3 g5 51. Rxd6+ Rxd6 52. Bxd6 Kxd6 53. h4 Ke5 54. hxg5 Kf5 55. Kh4 Kg6 56. g3 Kg7 57. Kxh5 Kh7 58. g6+ Kg7 59. Kg5 Kg8 60. Kh6 Kh8 61. g7+ Kg8 62. g4 1-0

[Event "Titled Tuesday intern op 28th Mar Late"]
[Site "Chess.com INT"]
[Date "2023.03.28"]
[Round "6"]
[White "Poliakova, Varvara"]
[Black "Villiers, Thomas"]
[Result "0-1"]
[WhiteElo "2114"]
[BlackElo "2185"]
[PlyCount "110"]
[EventDate "2023.03.28"]
[EventType "swiss (blitz)"]
[EventRounds "11"]
[EventCountry "USA"]
[SourceTitle "EXT 2024"]
[Source "ChessBase"]
[SourceDate "2023.10.10"]
[SourceVersion "1"]
[SourceVersionDate "2023.10.10"]
[SourceQuality "1"]

1. e4 c5 2. Nf3 e6 3. d4 cxd4 4. Nxd4 Nc6 5. Nc3 a6 6. Qd3 Qc7 7. Nxc6 bxc6 8. Qg3 Qxg3 9. hxg3 d5 10. Bd3 Nf6 11. f3 Bd6 12. g4 Bb7 13. g5 Nd7 14. exd5 cxd5 15. Bd2 Ne5 16. Be2 Ke7 17. 0-0-0 Nc4 18. Bxc4 dxc4 19. Rh4 Rac8 20. Rdh1 g6 21. Rxh7 Rxh7 22. Rxh7 Be5 23. Ne4 Bxe4 24. fxe4 c3 25. bxc3 Bxc3 26. Rh3 Bxd2+ 27. Kxd2 Rc5 28. Ra3 Rxg5 29. Rxa6 Rxg2+ 30. Kd3 Kf6 31. Ra7 g5 32. a4 Rg3+ 33. Kd4 Ra3 34. e5+ Kg6 35. c4 g4 36. Ra8 g3 37. Rg8+ Kf5 38. a5 Kf4 39. Rg7 Rxa5 40. Rxf7+ Kg4 41. Rg7+ Kf3 42. c5 Ra4+ 43. Kd3 g2 44. c6 Ra1 45. c7 Rc1 46. Rf7+ Kg3 47. Rg7+ Kf2 48. Rf7+ Ke1 49. Rg7 Kf1 50. Rf7+ Kg1 51. Ke2 Kh2 52. Rh7+ Kg3 53. Rg7+ Kf4 54. Rxg2 Rxc7 55. Rh2 Rc2+ 0-1

[Event "Cambridge op"]
[Site "Cambridge"]
[Date "2023.02.18"]
[Round "8"]
[White "Villiers, Thomas"]
[Black "Arkell, Keith C"]
[Result "0-1"]
[WhiteElo "2186"]
[BlackElo "2404"]
[PlyCount "180"]
[EventDate "2023.02.15"]
[EventType "swiss"]
[EventRounds "9"]
[EventCountry "ENG"]
[SourceTitle "CBM 212 Extra"]
[Source "ChessBase"]
[SourceDate "2023.03.31"]
[SourceVersion "1"]
[SourceVersionDate "2023.03.31"]
[SourceQuality "1"]

1. e4 c6 2. Nc3 d5 3. d4 dxe4 4. Nxe4 Nd7 5. Qe2 Ndf6 6. Nf3 Bg4 7. c3 Nxe4 8. Qxe4 Nf6 9. Qf4 Bxf3 10. Qxf3 e6 11. Bd3 Be7 12. 0-0 0-0 13. Re1 Re8 14. Bf4 Nd5 15. Qh3 g6 16. Be5 Bd6 17. Qg3 Bxe5 18. Rxe5 Qf6 19. Rae1 Qf4 20. Qh3 b5 21. R5e4 Qd2 22. R4e2 Qg5 23. Re5 Qf6 24. Qh6 Qf4 25. Qxf4 Nxf4 26. Bc2 Nd5 27. a4 a6 28. a5 Red8 29. Bb3 b4 30. c4 Ne7 31. Rd1 Rd6 32. c5 Rdd8 33. Re3 Ra7 34. Bc4 Nf5 35. Red3 Rad7 36. Kf1 h5 37. g3 Kg7 38. h3 Kf6 39. Rb3 Rxd4 40. Rxd4 Rxd4 41. Rxb4 Rd1+ 42. Kg2 Ra1 43. Rb6 Rxa5 44. b4 Ra4 45. Bxa6 h4 46. g4 Ne7 47. b5 cxb5 48. Bxb5 Ra3 49. Rb7 Nd5 50. Be8 Nf4+ 51. Kh2 Rxh3+ 52. Kg1 Rc3 53. Rxf7+ Kg5 54. c6 Kxg4 55. c7 Kh3 56. Bb5 Rc1+ 57. Bf1+ Kg4 58. Kh2 Nd5 59. Bh3+ Kg5 60. c8Q Rxc8 61. Bxe6 Rc5 62. Bxd5 Rxd5 63. Ra7 Rd3 64. Ra4 Kh5 65. Ra5+ Kh6 66. Ra6 Rf3 67. Kg2 Rf4 68. Ra5 g5 69. Ra8 Kh5 70. f3 Rb4 71. Rh8+ Kg6 72. Rg8+ Kf6 73. Rf8+ Kg7 74. Rf5 Kg6 75. Rf8 Rb2+ 76. Kg1 Rb6 77. Kg2 Rf6 78. Ra8 Re6 79. Rf8 Rd6 80. Ra8 Rd2+ 81. Kg1 Kf5 82. Rf8+ Ke5 83. Kf1 Kd4 84. Rg8 h3 85. Rxg5 Rd1+ 86. Ke2 Ra1 87. Rg4+ Kd5 88. Rg5+ Ke6 89. Ke3 h2 90. Re5+ Kxe5 0-1

[Event "Cambridge op"]
[Site "Cambridge"]
[Date "2023.02.15"]
[Round "2"]
[White "Villiers, Thomas"]
[Black "Banerjee, Supratit"]
[Result "1/2-1/2"]
[WhiteElo "2186"]
[BlackElo "1740"]
[PlyCount "114"]
[EventDate "2023.02.15"]
[EventType "swiss"]
[EventRounds "9"]
[EventCountry "ENG"]
[SourceTitle "CBM 212 Extra"]
[Source "ChessBase"]
[SourceDate "2023.03.31"]
[SourceVersion "1"]
[SourceVersionDate "2023.03.31"]
[SourceQuality "1"]

1. Nf3 d5 2. d4 e6 3. Bg5 Be7 4. Bxe7 Nxe7 5. Nbd2 b6 6. g3 Bb7 7. Bg2 Nd7 8. 0-0 0-0 9. c4 c5 10. Qc2 Rc8 11. Rac1 Nf5 12. dxc5 Nxc5 13. Rfd1 Qe7 14. cxd5 Ba6 15. Nc4 Bxc4 16. Qxc4 exd5 17. Qxd5 g6 18. Ne5 Rce8 19. Ng4 h5 20. e4 Rd8 21. Qc6 Nd4 22. Nf6+ Kg7 23. Rxd4 Rxd4 24. Nd5 Qe6 25. Qc7 Nxe4 26. Nf4 Qd6 27. Bxe4 Qxc7 28. Rxc7 Rxe4 29. Rxa7 Rc8 30. Rb7 Re1+ 31. Kg2 Ra1 32. a3 Rc2 33. Rxb6 Ra2 34. Nd3 g5 35. Rb7 g4 36. Rb5 Rd2 37. Nf4 Rdxb2 38. Nxh5+ Kg6 39. Nf4+ Kf6 40. Nd5+ Ke6 41. Nf4+ Kd6 42. Rxb2 Rxb2 43. a4 Ra2 44. h3 gxh3+ 45. Nxh3 Rxa4 46. Kf3 f5 47. Ng1 Ke5 48. Ne2 Ra3+ 49. Kg2 Ra4 50. Kf3 Ra3+ 51. Kg2 Ke4 52. Ng1 Rb3 53. Ne2 Rb2 54. Ng1 Rb3 55. Ne2 Ra3 56. Ng1 Ra1 57. Ne2 Ra3 1/2-1/2

[Event "Hastings Masters op"]
[Site "Hastings"]
[Date "2022.12.31"]
[Round "4"]
[White "Villiers, Thomas"]
[Black "Lalic, Bogdan"]
[Result "1/2-1/2"]
[WhiteElo "2141"]
[BlackElo "2392"]
[PlyCount "46"]
[EventDate "2022.12.28"]
[EventType "swiss"]
[EventRounds "10"]
[EventCountry "ENG"]
[SourceTitle "CBM 212 Extra"]
[Source "ChessBase"]
[SourceDate "2023.03.31"]
[SourceVersion "1"]
[SourceVersionDate "2023.03.31"]
[SourceQuality "1"]

1. c4 Nf6 2. g3 c6 3. Nf3 d5 4. b3 Bf5 5. Bb2 e6 6. Bg2 h6 7. 0-0 Be7 8. d3 0-0 9. Nbd2 Bh7 10. Qc2 Nbd7 11. Rfe1 a5 12. a3 Qb8 13. e4 dxe4 14. Nxe4 Nxe4 15. dxe4 Rd8 16. Rad1 Qc7 17. Nd4 Qb6 18. Kh1 Nf6 19. f3 Bxa3 20. Bxa3 Rxd4 21. Rxd4 Qxd4 22. Rd1 Qb6 23. c5 Qc7 1/2-1/2

[Event "Hastings Masters op"]
[Site "Hastings"]
[Date "2022.12.30"]
[Round "3"]
[White "White, Stuart A"]
[Black "Villiers, Thomas"]
[Result "0-1"]
[WhiteElo "2021"]
[BlackElo "2141"]
[PlyCount "82"]
[EventDate "2022.12.28"]
[EventType "swiss"]
[EventRounds "10"]
[EventCountry "ENG"]
[SourceTitle "CBM 212 Extra"]
[Source "ChessBase"]
[SourceDate "2023.03.31"]
[SourceVersion "1"]
[SourceVersionDate "2023.03.31"]
[SourceQuality "1"]

1. d4 e6 2. c4 Nf6 3. Nf3 c5 4. d5 b5 5. dxe6 fxe6 6. cxb5 d5 7. e3 Bd6 8. b3 0-0 9. Bb2 Nbd7 10. Nbd2 Qa5 11. Qc2 Bb7 12. Bd3 e5 13. Bc3 Qb6 14. e4 c4 15. bxc4 Ng4 16. 0-0 Bc5 17. exd5 Nxf2 18. Rxf2 Bxf2+ 19. Kh1 Qh6 20. Ne4 Be3 21. Bd2 Bxd2 22. Qxd2 Rf4 23. Neg5 Nc5 24. Re1 Raf8 25. Kg1 Kh8 26. Rxe5 Qb6 27. Kh1 Qf6 28. Re1 g6 29. Qe2 Bc8 30. Bc2 Bg4 31. h3 Qxg5 32. hxg4 Qxg4 33. Qe5+ Kg8 34. d6 Rxf3 35. gxf3 Qxf3+ 36. Kg1 Qf2+ 37. Kh1 Rf4 38. Qe8+ Rf8 39. Qe5 Qh4+ 40. Kg1 Qg4+ 41. Kh1 Rf3 0-1

[Event "Guernsey op 46th"]
[Site "St James"]
[Date "2022.10.22"]
[Round "7"]
[White "Hebden, Mark"]
[Black "Villiers, Thomas"]
[Result "1/2-1/2"]
[WhiteElo "2434"]
[BlackElo "2141"]
[PlyCount "67"]
[EventDate "2022.10.16"]
[EventType "swiss"]
[EventRounds "7"]
[EventCountry "GCI"]
[SourceTitle "EXT 2024"]
[Source "ChessBase"]
[SourceDate "2023.10.10"]
[SourceVersion "1"]
[SourceVersionDate "2023.10.10"]
[SourceQuality "1"]

1. d4 Nf6 2. Nf3 c5 3. d5 e6 4. Nc3 b5 5. dxe6 fxe6 6. e4 Qa5 7. Bd2 b4 8. e5 Ng4 9. h3 Nh6 10. Ne4 Bb7 11. Neg5 Nc6 12. Bd3 Qc7 13. Qe2 Nf5 14. Bxf5 exf5 15. e6 0-0-0 16. 0-0-0 Re8 17. exd7+ Qxd7 18. Be3 Qc7 19. Qc4 h6 20. Qf7 Rxe3 21. fxe3 hxg5 22. Qe8+ Nd8 23. Nxg5 Be7 24. Qxh8 Bxg5 25. Qe8 Bxg2 26. Rhe1 Be4 27. Kb1 Bf6 28. Rd2 c4 29. Red1 c3 30. Rxd8+ Bxd8 31. Qe6+ Kb8 32. Qe8 Kc8 33. Qe6+ Kb8 34. Rd7 1/2-1/2

[Event "Guernsey op 46th"]
[Site "St James"]
[Date "2022.10.18"]
[Round "3"]
[White "Moyroud, Pierre"]
[Black "Villiers, Thomas"]
[Result "0-1"]
[WhiteElo "1705"]
[BlackElo "2141"]
[PlyCount "70"]
[EventDate "2022.10.16"]
[EventType "swiss"]
[EventRounds "7"]
[EventCountry "GCI"]
[SourceTitle "EXT 2024"]
[Source "ChessBase"]
[SourceDate "2023.10.10"]
[SourceVersion "1"]
[SourceVersionDate "2023.10.10"]
[SourceQuality "1"]

1. d4 Nf6 2. c4 g6 3. Nc3 Bg7 4. e4 d6 5. Be2 0-0 6. Nf3 Nc6 7. 0-0 e5 8. d5 Ne7 9. b4 a5 10. bxa5 Rxa5 11. Bd2 Nd7 12. Ne1 f5 13. f3 f4 14. Nd3 g5 15. Na4 Ra8 16. c5 Nf6 17. Qb3 g4 18. cxd6 cxd6 19. Nb6 gxf3 20. Bxf3 Ra6 21. Nxc8 Qxc8 22. Rac1 Qa8 23. Rc7 Rxa2 24. Bxf4 Ra3 25. Qb1 Qd8 26. Qxb7 Rf7 27. Nxe5 dxe5 28. Bxe5 Nfxd5 29. exd5 Bxe5 30. Rd7 Qa5 31. d6 Ra1 32. g3 Bd4+ 33. Kg2 Qd2+ 34. Kh3 Qh6+ 35. Kg2 Ra2+ 0-1